Miasta w USA po widoku satelitarnym - Statystyki

Ogólne statystyki
  • Ten quiz został rozwiązany 57 razy
  • Średni wynik to 6 z 11
Statystyki odpowiedzi
Obrazkowy Odpowiedź % Poprawnych
Los Angeles
93%
Nowy Jork
93%
Chicago
79%
Miami
77%
San Francisco
77%
Boston
53%
San Diego
49%
Waszyngton DC
49%
Detroit
37%
Filadelfia
19%
Austin
14%
Nie znaleziono quizów pasujących do podanych kryteriów
Rozkład punktacji
Procent ludzi z każdym wynikiem
Percentyl według liczby udzielonych odpowiedzi
Twoja historia wyników
Nie rozwiązałeś tego quizu